[Event "WCh Women 2018"]
[Site "Khanty-Mansiysk RUS"]
[Date "2018.11.11"]
[Round "3.6"]
[White "Pogonina, Natalija"]
[Black "Lagno, Kateryna"]
[Result "1/2-1/2"]
[WhiteTitle "WGM"]
[BlackTitle "GM"]
[WhiteElo "2465"]
[BlackElo "2556"]
[WhiteFideId "4147855"]
[BlackFideId "14109336"]
[EventDate "2018.11.03"]

1. d4 Nf6 2. c4 g6 3. g3 Bg7 4. Bg2 c6 5. Nf3 d5 6. Qa4 O-O 7. O-O Nbd7 8. cxd5
Nb6 9. Qb3 Qxd5 10. Qb4 Qd6 11. Qa5 Nbd5 12. Nc3 Bf5 13. a3 Ne4 14. Nxd5 cxd5
15. Bf4 Qd8 16. Qb5 Qd7 17. Qb3 Rfc8 18. Rac1 Be6 19. Rfd1 Rxc1 20. Rxc1 Rc8 21.
Rxc8+ Qxc8 22. Qa4 a6 23. h4 h6 24. Ne5 g5 25. hxg5 hxg5 26. Be3 Bf6 27. Nd3 Kg7
28. Qb3 Qd7 29. Qc2 Bf5 30. Qc1 Qe6 31. Ne1 Qc8 32. Qxc8 Bxc8 33. Nd3 Bf5 34.
Nb4 e6 35. Nd3 Nd6 36. Nc5 Nb5 37. Nxb7 Nxd4 38. Kf1 Nb3 39. Nd6 d4 40. Nxf5+
exf5 41. Bd5 dxe3 42. Bxb3 Bxb2 43. a4 exf2 44. Kxf2 Kf6 45. e3 a5 46. Kf3 Ke7
47. e4 g4+ 48. Kf4 fxe4 49. Kxe4 f6 50. Kf4 Kd6 1/2-1/2

[Event "WCh Women 2018"]
[Site "Khanty-Mansiysk RUS"]
[Date "2018.11.11"]
[Round "3.7"]
[White "Lagno, Kateryna"]
[Black "Pogonina, Natalija"]
[Result "1-0"]
[WhiteTitle "GM"]
[BlackTitle "WGM"]
[WhiteElo "2556"]
[BlackElo "2465"]
[WhiteFideId "14109336"]
[BlackFideId "4147855"]
[EventDate "2018.11.03"]

1. e4 e5 2. Nf3 Nc6 3. Nc3 Nf6 4. Be2 d5 5. exd5 Nxd5 6. O-O Nxc3 7. bxc3 Bd6 8.
d4 O-O 9. Re1 h6 10. h3 Bf5 11. Rb1 Rb8 12. Be3 exd4 13. Nxd4 Nxd4 14. cxd4 Qf6
15. Bd3 Bxd3 16. Qxd3 b6 17. Re2 Rbd8 18. Qa6 Bf4 19. c3 Rd5 20. Bxf4 Qxf4 21.
Qxa7 Ra5 22. Qb7 Rfa8 23. Rbb2 Qc1+ 24. Kh2 Qxc3 25. Rbc2 Qxd4 26. Qxc7 b5 27.
Rcd2 Qf6 28. g3 Ra3 29. h4 Rf3 30. Qc5 Rf5 31. Qe3 b4 32. Qe4 Rb8 33. Rc2 g6 34.
Kg2 h5 35. Rc6 Qd8 36. Rc4 Qd6 37. Rd4 Qf6 38. Rxb4 Rxb4 39. Qxb4 Qc6+ 40. Qe4
Qa6 41. a4 Ra5 42. Ra2 Qa7 43. Qe8+ Kg7 44. Qc6 Kh7 45. Rd2 Kg7 46. Rd7 Qa8 47.
Qxa8 Rxa8 48. Rd4 Ra5 49. Kf3 Kf6 50. Ke3 Ke6 51. Kd3 Rf5 52. Rf4 Re5 53. Re4 1-0

[Event "WCh Women 2018"]
[Site "Khanty-Mansiysk RUS"]
[Date "2018.11.11"]
[Round "3.9"]
[White "Lagno, Kateryna"]
[Black "Pogonina, Natalija"]
[Result "1-0"]
[WhiteTitle "GM"]
[BlackTitle "WGM"]
[WhiteElo "2556"]
[BlackElo "2465"]
[WhiteFideId "14109336"]
[BlackFideId "4147855"]
[EventDate "2018.11.03"]

1. e4 e5 2. Nf3 Nc6 3. Bb5 a6 4. Ba4 Nf6 5. O-O Be7 6. Re1 b5 7. Bb3 d6 8. c3
O-O 9. h3 Nb8 10. d4 Nbd7 11. Nbd2 c5 12. Bc2 cxd4 13. cxd4 Bb7 14. d5 a5 15.
Bd3 Ba6 16. a3 Nc5 17. Bf1 b4 18. Bxa6 Nxa6 19. Nf1 Nd7 20. Ng3 g6 21. Bh6 Re8
22. Qe2 Nac5 23. Be3 Bf8 24. axb4 axb4 25. Qb5 b3 26. Nd2 Qb8 27. Qc4 Qb6 28.
Rec1 Reb8 29. Ne2 Qb7 30. Nc3 Nb6 31. Qb5 Rxa1 32. Rxa1 Nbd7 33. Qe2 Ra8 34. Qf1
Be7 35. Kh2 Kg7 36. g3 Rxa1 37. Qxa1 Qb4 38. Qa7 Bd8 39. Kg2 Bb6 40. Qa3 Qxa3
41. bxa3 Ba5 42. Ncb1 Bxd2 43. Nxd2 b2 44. Kf3 Nb3 45. Nb1 Ndc5 46. Ke2 Nxe4 47.
Kd3 Nec5+ 48. Kc3 Na5 49. Bxc5 dxc5 50. Kxb2 Kf8 51. Kc3 Ke7 52. Nd2 f5 53. Nc4
Nb7 54. a4 e4 55. a5 Nd6 56. Nxd6 Kxd6 57. a6 Kc7 1-0

[Event "WCh Women 2018"]
[Site "Khanty-Mansiysk RUS"]
[Date "2018.11.12"]
[Round "4.1"]
[White "Ju, Wenjun"]
[Black "Tokhirjonova, Gulrukhbegim"]
[Result "1/2-1/2"]
[WhiteTitle "GM"]
[BlackTitle "WGM"]
[WhiteElo "2568"]
[BlackElo "2435"]
[WhiteFideId "8603006"]
[BlackFideId "14203626"]
[EventDate "2018.11.03"]

1. d4 e6 2. c4 b6 3. e4 Bb4+ 4. Bd2 Bxd2+ 5. Qxd2 d5 6. Bd3 Ba6 7. cxd5 Bxd3 8.
Qxd3 exd5 9. Ne2 Ne7 10. e5 c5 11. O-O O-O 12. Nbc3 Nbc6 13. f4 Qd7 14. b3 Rac8
15. Rad1 Rfd8 16. dxc5 bxc5 17. Ng3 Qe6 18. Rfe1 c4 19. bxc4 Nb4 20. Qe2 dxc4
21. Rd6 Rxd6 22. exd6 Ned5 23. Nxd5 Nxd5 24. Qxe6 fxe6 25. f5 e5 26. Rxe5 Nf6
27. Ne4 Rd8 28. Kf1 Nxe4 29. Rxe4 c3 30. Rc4 Rxd6 31. Rxc3 Ra6 32. a3 Kf7 33.
Kf2 Kf6 34. g4 h5 35. gxh5 Kxf5 36. Rg3 Ra4 37. Kg2 Kf6 38. Kh3 Ra5 39. Kh4 Ra4+
40. Kh3 Ra5 41. Kh4 Ra4+ 42. Kh3 Ra5 1/2-1/2

[Event "WCh Women 2018"]
[Site "Khanty-Mansiysk RUS"]
[Date "2018.11.12"]
[Round "4.1"]
[White "Muzychuk, Mariya"]
[Black "Abdumalik, Zhansaya"]
[Result "0-1"]
[WhiteTitle "GM"]
[BlackTitle "IM"]
[WhiteElo "2545"]
[BlackElo "2473"]
[WhiteFideId "14114550"]
[BlackFideId "13703544"]
[EventDate "2018.11.03"]

1. e4 c5 2. Nf3 e6 3. d4 cxd4 4. Nxd4 a6 5. c4 Nf6 6. Nc3 Bb4 7. Qd3 O-O 8. e5
Ne8 9. Bf4 Qc7 10. a3 Bxc3+ 11. Qxc3 f6 12. Nf3 Nc6 13. Bg3 fxe5 14. Nxe5 Nxe5
15. Bxe5 d6 16. Bg3 Qc6 17. f3 e5 18. c5 dxc5 19. Bc4+ Be6 20. O-O-O b5 21.
Bxe6+ Qxe6 22. Rhe1 b4 23. Rxe5 Qa2 24. axb4 cxb4 25. Qxb4 Rc8+ 26. Rc5 a5 27.
Qb5 Rf5 28. Bf2 Qe6 29. Rd3 Rfxc5+ 30. Bxc5 Qe1+ 31. Kc2 Qf2+ 32. Kb3 Qxc5 33.
Qxc5 Rxc5 34. h4 Rb5+ 35. Ka3 Kf7 36. Rd7+ Ke6 37. Ra7 h5 38. g4 hxg4 39. fxg4
Rb4 40. Rxa5 Rxg4 41. Rh5 g6 42. Rh8 Ng7 43. b4 Nf5 44. b5 Rxh4 45. Rg8 Rg4 46.
b6 Nd6 47. Rc8 Rg5 48. Rb8 Kd7 49. Kb4 Kc6 50. Kc3 Nb7 51. Kd4 Kxb6 52. Re8 Kc6
53. Re5 Rg4+ 54. Ke3 Nc5 55. Kf3 Rg1 56. Re8 Kd6 57. Rc8 Ne6 0-1

[Event "WCh Women 2018"]
[Site "Khanty-Mansiysk RUS"]
[Date "2018.11.13"]
[Round "4.2"]
[White "Tokhirjonova, Gulrukhbegim"]
[Black "Ju, Wenjun"]
[Result "0-1"]
[WhiteTitle "WGM"]
[BlackTitle "GM"]
[WhiteElo "2435"]
[BlackElo "2568"]
[WhiteFideId "14203626"]
[BlackFideId "8603006"]
[EventDate "2018.11.03"]

1. e4 e5 2. Nf3 Nf6 3. Nxe5 d6 4. Nf3 Nxe4 5. Nc3 Nxc3 6. dxc3 Be7 7. Be3 Nd7 8.
Qd2 O-O 9. O-O-O c6 10. h4 Re8 11. c4 a6 12. h5 h6 13. Bd3 Nf6 14. Bd4 b5 15.
Rde1 Be6 16. Nh4 bxc4 17. Bf5 Nd5 18. Bxe6 Bg5 19. f4 Bxf4 20. Bxf7+ Kxf7 21.
Ref1 Re1+ 22. Rxe1 Bxd2+ 23. Kxd2 Qg5+ 24. Kd1 Qxh5+ 25. Kc1 Kg8 26. Kb1 c5 27.
g4 Qxg4 28. Bxg7 Kxg7 29. Rhg1 Qxg1 30. Rxg1+ Kh7 31. Nf5 Rf8 32. Nxd6 c3 33.
bxc3 Nxc3+ 34. Kb2 Ne2 35. Rg2 Nf4 36. Rd2 Rd8 37. Kc3 h5 38. Kc4 Ne6 39. Kd5
Ng5 40. Rh2 Nf7 41. Kxc5 Rxd6 42. Rxh5+ Kg6 43. Rd5 Re6 44. a4 Kf6 45. c4 Ke7
46. Rd1 Ne5 47. Rh1 Nd7+ 48. Kb4 Kd6 49. Rh5 Kc7 50. Rh7 Rc6 51. Rg7 Kc8 52.
Rg8+ Kb7 53. Rg5 Rc7 54. Rh5 Nb8 55. Rh4 Nc6+ 56. Kc5 Na5+ 57. Kb4 Kb6 58. Rg4
Nc6+ 59. Kb3 Re7 60. Rg3 Kc5 61. Kc3 Re4 62. Rg5+ Ne5 63. Rh5 Rxc4+ 64. Kb3 Re4
65. Kc3 a5 66. Rf5 Re3+ 67. Kd2 Kd4 68. Rf8 Nc4+ 69. Kd1 Kc3 70. Rc8 Kb3 71.
Rb8+ Kxa4 72. Kc2 Na3+ 73. Kd2 Rh3 74. Rg8 Kb4 75. Rb8+ Nb5 76. Kc2 a4 77. Kb2
a3+ 78. Ka2 Rh2+ 79. Ka1 Ka4 80. Rc8 Kb3 81. Rc1 Nc3 0-1

[Event "WCh Women 2018"]
[Site "Khanty-Mansiysk RUS"]
[Date "2018.11.13"]
[Round "4.2"]
[White "Abdumalik, Zhansaya"]
[Black "Muzychuk, Mariya"]
[Result "0-1"]
[WhiteTitle "IM"]
[BlackTitle "GM"]
[WhiteElo "2473"]
[BlackElo "2545"]
[WhiteFideId "13703544"]
[BlackFideId "14114550"]
[EventDate "2018.11.03"]

1. e4 c5 2. Nf3 Nc6 3. d4 cxd4 4. Nxd4 e6 5. Nc3 Qc7 6. Be2 Nf6 7. O-O Bb4 8.
Ndb5 Qb8 9. Be3 a6 10. a3 Be7 11. Nd4 O-O 12. f4 d6 13. Kh1 Bd7 14. Bf3 Rc8 15.
Qe1 b5 16. Qg3 b4 17. axb4 Qxb4 18. e5 Nxd4 19. Bxd4 Qxd4 20. exf6 Bxf6 21. Bxa8
Rxa8 22. Qd3 Qxd3 23. cxd3 d5 24. Ra3 g6 25. Rb3 a5 26. Ra1 Kg7 27. Kg1 a4 28.
Rb7 Bc6 29. Rc7 Be8 30. Kf1 h5 31. Ra2 Bd8 32. Rb7 Bc6 33. Rb4 Ra6 34. Ke2 Be7
35. Rd4 Bc5 36. Rdxa4 Bxa4 37. Nxa4 Bd4 38. b4 Ra8 39. Ra3 h4 40. Kf3 f5 41. g4
Kf6 42. Ra2 Rb8 43. g5+ Ke7 44. Nb2 Rxb4 45. Nd1 Bb6 46. Rc2 Kd7 47. Nc3 Rd4 48.
Rd2 Ba5 49. Ne2 Rxf4+ 50. Kxf4 Bxd2+ 51. Ke5 Ke7 52. Nf4 Bxf4+ 53. Kxf4 Kd6 54.
d4 e5+ 55. dxe5+ Ke6 56. Kf3 Kxe5 57. Kg2 Kf4 58. Kh3 Kxg5 0-1

[Event "WCh Women 2018"]
[Site "Khanty-Mansiysk RUS"]
[Date "2018.11.13"]
[Round "4.2"]
[White "Lei, Tingjie"]
[Black "Lagno, Kateryna"]
[Result "0-1"]
[WhiteTitle "GM"]
[BlackTitle "GM"]
[WhiteElo "2457"]
[BlackElo "2556"]
[WhiteFideId "8605114"]
[BlackFideId "14109336"]
[EventDate "2018.11.03"]

1. e4 e5 2. Nf3 Nc6 3. Bb5 a6 4. Ba4 Nf6 5. O-O b5 6. Bb3 Bc5 7. a4 Rb8 8. Nxe5
Nxe5 9. d4 Bxd4 10. Qxd4 d6 11. Bf4 O-O 12. f3 Ng6 13. Bg5 Be6 14. Nc3 c5 15.
Qd2 c4 16. Ba2 b4 17. Ne2 h6 18. Be3 b3 19. cxb3 cxb3 20. Bb1 d5 21. exd5 Nxd5
22. Bd4 Qd6 23. Be4 Rfd8 24. Rad1 f5 25. Bb1 Nb4 26. Qe3 Nc2 27. Bxc2 bxc2 28.
Rd2 Bc4 29. Rc1 Re8 30. Ba7 Qb4 31. Qd4 Rxe2 32. Rxe2 Bxe2 33. Qd5+ Kh7 34. Bxb8
Qb6+ 35. Kh1 Qe3 36. Bf4 Qxf4 37. Rxc2 Qxa4 38. Rc1 Qf4 39. Re1 Bb5 40. g3 Qb4
41. Rb1 f4 42. Kg2 Qe7 43. Qd2 Qe3 44. Qf2 Ne5 45. gxf4 Qxf4 46. Qg3 Qd2+ 47.
Qf2 Be2 48. Kg1 Nxf3+ 49. Kh1 Nd4 50. Ra1 Bf3+ 51. Kg1 Qg5+ 52. Kf1 Be2+ 0-1

[Event "WCh Women 2018"]
[Site "Khanty-Mansiysk RUS"]
[Date "2018.11.14"]
[Round "4.3"]
[White "Abdumalik, Zhansaya"]
[Black "Muzychuk, Mariya"]
[Result "0-1"]
[WhiteTitle "IM"]
[BlackTitle "GM"]
[WhiteElo "2473"]
[BlackElo "2545"]
[WhiteFideId "13703544"]
[BlackFideId "14114550"]
[EventDate "2018.11.03"]

1. e4 c6 2. d4 d5 3. Nd2 dxe4 4. Nxe4 Bf5 5. Ng3 Bg6 6. h4 h6 7. Nh3 Nf6 8. Nf4
Bh7 9. c3 e6 10. Bd3 Bxd3 11. Qxd3 Nbd7 12. Bd2 Bd6 13. Nfh5 Nxh5 14. Nxh5 g6
15. Ng3 Nf6 16. Ne2 Qa5 17. Qf3 Qf5 18. Qxf5 gxf5 19. f3 Ke7 20. Kf2 Nh5 21. c4
Rag8 22. Rh3 f4 23. b4 Rg6 24. Rhh1 Rhg8 25. Rhg1 Kd7 26. Kf1 Be7 27. Be1 Ng3+
28. Nxg3 fxg3 29. Rh1 h5 30. Ke2 Rf6 31. Bd2 Rf5 32. a4 a6 33. Kd3 Kc7 34. Rh3
Rd8 35. Re1 b5 36. axb5 axb5 37. Re4 bxc4+ 38. Kxc4 Bd6 39. Rh1 Rb5 40. Ra1 Rdb8
41. Ra7+ R8b7 42. Rxb7+ Rxb7 43. Re1 Ra7 44. Kb3 Ra8 45. Rh1 Kb6 46. Rf1 Kb5 47.
f4 Ra4 48. f5 Bxb4 49. fxe6 fxe6 50. Bc1 Bd6 51. Bb2 c5 52. dxc5 Bxc5 53. Bf6
Ra3+ 54. Kb2 Re3 55. Kc2 Re2+ 56. Kd3 Rxg2 57. Rb1+ Kc6 58. Rc1 Kd5 59. Re1 Ra2
60. Re5+ Kd6 61. Rg5 Ra3+ 62. Kc4 Ra4+ 63. Kb3 Rg4 64. Be5+ Ke7 65. Rxg4 hxg4
66. Bxg3 Bd6 67. Bf2 Bh2 68. Kc3 g3 69. Bc5+ Kf6 70. Bd6 e5 71. h5 g2 72. Bc5
g1=Q 73. Bxg1 Bxg1 74. Kd3 Bd4 0-1

[Event "WCh Women 2018"]
[Site "Khanty-Mansiysk RUS"]
[Date "2018.11.14"]
[Round "4.4"]
[White "Muzychuk, Mariya"]
[Black "Abdumalik, Zhansaya"]
[Result "0-1"]
[WhiteTitle "GM"]
[BlackTitle "IM"]
[WhiteElo "2545"]
[BlackElo "2473"]
[WhiteFideId "14114550"]
[BlackFideId "13703544"]
[EventDate "2018.11.03"]

1. e4 c5 2. Nf3 e6 3. d4 cxd4 4. Nxd4 a6 5. c4 Nf6 6. Nc3 Qc7 7. Be2 b6 8. Qd3
Bb7 9. f4 Bb4 10. Bf3 d6 11. Nc2 Bxc3+ 12. bxc3 Nbd7 13. Ba3 Rc8 14. Ne3 Nc5 15.
Bxc5 dxc5 16. g3 Rd8 17. Qc2 Bc6 18. O-O Qb7 19. Nd5 exd5 20. cxd5 Bd7 21. c4
Bh3 22. Rfe1 Ng4 23. e5 O-O 24. Qe2 h5 25. Rab1 Rfe8 26. d6 Qa7 27. Bc6 Re6 28.
Bd5 Rdxd6 29. Bxe6 Rxe6 30. Rbd1 Re8 31. Qe4 Nh6 32. Rd2 Bg4 33. Kg2 Bc8 34. Kf2
Qe7 35. Qc6 Nf5 36. Qxb6 Nd4 37. Rb1 Bf5 38. Rbb2 Be4 39. Qd6 Qa7 40. Rb6 Rc8
41. Rdb2 Kh7 42. Rxa6 Qc7 43. Qxc7 Rxc7 44. a4 Bd3 45. a5 Bxc4 46. Ra8 Bd5 47.
Rd8 Bc6 48. a6 Ne6 49. Rd6 Nd4 50. Rb8 Ra7 51. Rb6 Be4 52. Rd8 Bd3 53. Rc8 Bxa6
54. Rxc5 Bb7 55. Rb2 Ne6 56. Rcb5 Be4 57. R5b4 Nc5 58. Ke3 Bf5 59. Rb5 Ra3+ 60.
Kd4 Ne6+ 61. Kc4 Rf3 62. Rd2 Rf1 63. Rbb2 Rc1+ 64. Kb5 Kg6 65. Rd6 Be4 66. Kb6
Rc4 67. Kb5 Rc3 68. Kb4 Rc1 69. Ra2 Rc7 70. Rad2 Rc1 71. Rd1 Rc8 72. Ra1 Rc7 73.
Rad1 Bf5 74. R1d2 Rc8 75. Rb6 Rh8 76. Rd7 h4 77. Rbb7 Nd8 78. Rd6+ Ne6 79. Rdd7
Rf8 80. Re7 h3 81. Kc3 Rc8+ 82. Kd2 Rc2+ 83. Ke3 Rxh2 84. Rxf7 Ra2 85. Rfd7 h2
86. Rd1 Ra3+ 87. Kf2 Be4 88. Rb6 Kf5 89. g4+ Kxf4 90. Rxe6 Ra2+ 0-1

[Event "WCh Women 2018"]
[Site "Khanty-Mansiysk RUS"]
[Date "2018.11.14"]
[Round "4.5"]
[White "Muzychuk, Mariya"]
[Black "Abdumalik, Zhansaya"]
[Result "1-0"]
[WhiteTitle "GM"]
[BlackTitle "IM"]
[WhiteElo "2545"]
[BlackElo "2473"]
[WhiteFideId "14114550"]
[BlackFideId "13703544"]
[EventDate "2018.11.03"]

1. e4 c5 2. Nf3 e6 3. d4 cxd4 4. Nxd4 a6 5. c4 Nf6 6. Nc3 Qc7 7. Be2 Bb4 8. Nc2
Bd6 9. h3 b6 10. O-O Bb7 11. Bd3 Bf4 12. Qe2 Nc6 13. g3 Bxc1 14. Raxc1 Ne5 15.
f4 Nxd3 16. Qxd3 d6 17. Nd4 O-O 18. Kh2 Rac8 19. b3 Nd7 20. Qe3 Rfe8 21. Rfd1
Qb8 22. Nde2 Red8 23. g4 Nc5 24. Ng3 Qc7 25. g5 Qe7 26. Rg1 Re8 27. h4 g6 28. h5
d5 29. exd5 exd5 30. Qxe7 Rxe7 31. Nxd5 Bxd5 32. cxd5 Rd8 33. Rcd1 a5 34. h6 f5
35. gxf6 Red7 36. f5 Kf7 37. fxg6+ hxg6 38. Kg2 Rxd5 39. Rxd5 Rxd5 40. h7 Rd8
41. Rd1 Rh8 42. Rd6 Rxh7 43. Rxb6 Rh4 44. Rb5 Ne6 45. Rxa5 Kxf6 46. Kf2 g5 47.
Ra8 Ke5 48. Ra5+ Kf6 49. a3 Rh2+ 50. Ke3 Rb2 51. Ne4+ Kg6 52. Rb5 g4 53. a4 Ra2
54. a5 Ra3 55. Kd3 Ra1 56. Re5 Nf4+ 57. Ke3 Nh5 58. Rg5+ Kh6 59. Rxg4 Rxa5 60.
Kd4 Ra1 61. b4 Ng7 62. Kc5 Ne6+ 63. Kb6 Rb1 64. Nc5 Kh5 65. Rc4 Nd8 66. b5 Nf7
67. Ne4 Kg6 68. Rc6+ Kg7 69. Rc7 Kf8 70. Rc8+ Ke7 71. Rc7+ Kf8 72. Nc3 Rb3 73.
Rc6 Nd8 74. Rc8 Ke7 75. Nd5+ Kd7 76. Rc7+ Kd6 77. Nc3 Ne6 78. Rc6+ Kd7 79. Rc4
Kd6 80. Na4 Ra3 81. Nc5 Kd5 82. Rc1 Nd4 83. Rd1 Kc4 84. Rc1+ Kd5 85. Na6 Nxb5
86. Kxb5 Rb3+ 87. Nb4+ Kd4 88. Rc4+ Ke5 89. Kc5 Rb1 90. Nc6+ Ke6 91. Re4+ Kf5
92. Re8 Rc1+ 93. Kd5 Rd1+ 94. Nd4+ Kf4 95. Rf8+ Kg4 96. Ke4 Re1+ 97. Kd3 Re7 98.
Rf1 Re8 99. Rf7 Rd8 100. Re7 Ra8 101. Ke4 Kg5 102. Re6 Ra4 103. Rb6 Rc4 104. Ra6
Rb4 105. Ke5 Rb1 106. Nc2 Rb3 107. Ke4 Rb8 108. Re6 Ra8 109. Nd4 Ra4 110. Rb6
Rc4 111. Ra6 Rb4 112. Ra5+ Kg4 113. Ra1 Kg5 114. Ke5 Kg6 115. Rg1+ Kf7 116. Rf1+
Kg6 117. Rf6+ Kg5 118. Rf4 Rb1 119. Ne6+ Kg6 120. Rg4+ Kf7 121. Rg7+ Ke8 122.
Nc7+ Kf8 123. Rd7 Re1+ 124. Kd6 Rd1+ 125. Nd5 Re1 126. Ra7 Re2 127. Nf4 Re1 128.
Ne6+ Kg8 129. Rg7+ Kh8 130. Rf7 Ra1 131. Re7 Rd1+ 132. Ke5 Re1+ 133. Kf6 Rf1+
134. Kg6 Rg1+ 135. Ng5 1-0

[Event "WCh Women 2018"]
[Site "Khanty-Mansiysk RUS"]
[Date "2018.11.14"]
[Round "4.6"]
[White "Abdumalik, Zhansaya"]
[Black "Muzychuk, Mariya"]
[Result "1-0"]
[WhiteTitle "IM"]
[BlackTitle "GM"]
[WhiteElo "2473"]
[BlackElo "2545"]
[WhiteFideId "13703544"]
[BlackFideId "14114550"]
[EventDate "2018.11.03"]

1. e4 c6 2. d4 d5 3. Nd2 dxe4 4. Nxe4 Bf5 5. Ng3 Bg6 6. h4 h6 7. Nh3 Nf6 8. Nf4
Bh7 9. Be3 e6 10. Bd3 Bxd3 11. Qxd3 Qa5+ 12. c3 Bd6 13. O-O Nbd7 14. b4 Qc7 15.
Nfe2 O-O 16. a4 a5 17. b5 c5 18. Ne4 c4 19. Qc2 Nxe4 20. Qxe4 Nf6 21. Qf3 Nd5
22. g3 f5 23. Bf4 Rae8 24. Rfe1 Rf7 25. h5 Nxf4 26. Nxf4 e5 27. dxe5 Rxe5 28.
Ng6 Rxe1+ 29. Rxe1 Qd7 30. Qd5 f4 31. Re7 1-0

[Event "WCh Women 2018"]
[Site "Khanty-Mansiysk RUS"]
[Date "2018.11.14"]
[Round "4.7"]
[White "Muzychuk, Mariya"]
[Black "Abdumalik, Zhansaya"]
[Result "1-0"]
[WhiteTitle "GM"]
[BlackTitle "IM"]
[WhiteElo "2545"]
[BlackElo "2473"]
[WhiteFideId "14114550"]
[BlackFideId "13703544"]
[EventDate "2018.11.03"]

1. e4 c5 2. Nf3 e6 3. d4 cxd4 4. Nxd4 a6 5. c4 Nf6 6. Nc3 Qc7 7. Be2 b6 8. O-O
Bb7 9. Qd3 d6 10. f4 Nbd7 11. Bf3 Rc8 12. b3 b5 13. Bd2 bxc4 14. bxc4 Qxc4 15.
Qxc4 Rxc4 16. Nb3 Rc8 17. Rac1 Be7 18. e5 Nd5 19. Nxd5 Rxc1 20. Rxc1 Bxd5 21.
Bxd5 exd5 22. Rc8+ Bd8 23. Ba5 Ke7 24. exd6+ Kxd6 25. Rxd8 Rxd8 26. Bxd8 Kc6 27.
Kf2 Kb5 28. Ke3 Nf8 29. Be7 Nd7 30. Kd4 Nb6 31. Bc5 Na4 32. a3 a5 33. Kxd5 Nc3+
34. Kd4 Ne2+ 35. Ke3 Nc3 36. Bf8 g6 37. Kd3 Nd1 38. Nd4+ Ka4 39. Nc6 Nf2+ 40.
Kc4 Ng4 41. Ne5 Ne3+ 42. Kd3 Nxg2 43. Ke4 f5+ 44. Kf3 Ne1+ 45. Ke2 Nc2 46. Nc6
Kb5 47. Kd2 Na1 48. Nd4+ Kc4 49. Ke3 a4 50. Ne6 Nb3 51. Ng5 Na1 52. Nxh7 Nc2+
53. Kd2 Nd4 54. Ng5 Kb3 55. Kd3 Nc2 56. Nf7 Ne1+ 57. Ke2 Nc2 58. Kd2 Nd4 59. Ne5
Ne6 60. Nxg6 Kc4 61. h4 Nc7 62. h5 Nd5 63. h6 Nf6 64. Bg7 Nh7 65. Nf8 1-0

[Event "WCh Women 2018"]
[Site "Khanty-Mansiysk RUS"]
[Date "2018.11.14"]
[Round "4.8"]
[White "Abdumalik, Zhansaya"]
[Black "Muzychuk, Mariya"]
[Result "1/2-1/2"]
[WhiteTitle "IM"]
[BlackTitle "GM"]
[WhiteElo "2473"]
[BlackElo "2545"]
[WhiteFideId "13703544"]
[BlackFideId "14114550"]
[EventDate "2018.11.03"]

1. e4 c6 2. d4 d5 3. Nd2 dxe4 4. Nxe4 Bf5 5. Ng3 Bg6 6. h4 h6 7. Nh3 Nf6 8. Nf4
Bh7 9. Be3 e6 10. Bd3 Bxd3 11. Qxd3 Qa5+ 12. Bd2 Qc7 13. c4 Nbd7 14. O-O Bd6 15.
Ngh5 Nxh5 16. Nxh5 g6 17. Ng3 O-O-O 18. Ne4 Bf4 19. c5 Bh2+ 20. Kh1 f5 21. Nc3
Bf4 22. b4 Nf6 23. b5 e5 24. Bxf4 exf4 25. bxc6 Qxc6 26. Qc4 Ne4 27. Nb5 Kb8 28.
Rad1 Rd5 29. a4 Rhd8 30. a5 a6 31. Nc3 Nxc3 32. Qxc3 Qf6 33. c6 Qxc6 34. Qb2
Rxa5 35. Qd2 Rad5 36. Qxf4+ Qd6 37. Qxh6 Rxd4 38. Rb1 Qf6 39. g3 Rh8 40. Qe3
Rdxh4+ 41. gxh4 Qxh4+ 42. Kg2 Qh2+ 43. Kf3 Rh3+ 44. Ke2 Rxe3+ 45. Kxe3 Qe5+ 46.
Kd3 Qd5+ 47. Ke3 Qe5+ 48. Kf3 Qe4+ 49. Kg3 Qg4+ 50. Kh2 Qh4+ 51. Kg2 Qg4+ 1/2-1/2

[Event "WCh Women 2018"]
[Site "Khanty-Mansiysk RUS"]
[Date "2018.11.16"]
[Round "5.2"]
[White "Lagno, Kateryna"]
[Black "Muzychuk, Mariya"]
[Result "1/2-1/2"]
[WhiteTitle "GM"]
[BlackTitle "GM"]
[WhiteElo "2556"]
[BlackElo "2545"]
[WhiteFideId "14109336"]
[BlackFideId "14114550"]
[EventDate "2018.11.03"]

1. e4 e5 2. Nf3 Nc6 3. Bb5 a6 4. Ba4 Nf6 5. O-O Nxe4 6. d4 b5 7. Bb3 d5 8. dxe5
Be6 9. Nbd2 Be7 10. c3 Nc5 11. Nd4 Nxe5 12. Bc2 Bg4 13. Qe1 Ned3 14. Qe3 Nxc1
15. Rfxc1 Bd7 16. Re1 Ne6 17. Qe5 O-O 18. Qxd5 Nxd4 19. Qxd4 Be6 20. Nf3 Qxd4
21. Nxd4 Bc5 22. Nxe6 fxe6 23. Re2 e5 24. Rd1 Bd6 25. g3 g6 26. Kg2 Kg7 27. a4
Kf6 28. Rd5 Rab8 29. b4 Rfd8 30. Bb3 g5 31. Re4 Rf8 32. h4 h6 33. Bc2 Ke6 34.
Rd1 c5 35. hxg5 hxg5 36. axb5 axb5 37. bxc5 Bxc5 38. Bb3+ Kf5 39. Rde1 Bd6 40.
Bc2 Kf6 41. Rd1 Ke7 42. Rg4 Bc5 43. f3 Kf6 44. f4 gxf4 45. Rd5 Rbd8 46. Rxc5
Rd2+ 47. Kf3 Rxc2 48. gxf4 exf4 49. Rc6+ Ke7 50. Rg7+ Kd8 51. Rd6+ Kc8 52. Rc6+
Kd8 53. Rd6+ Kc8 1/2-1/2

[Event "WCh Women 2018"]
[Site "Khanty-Mansiysk RUS"]
[Date "2018.11.19"]
[Round "6.1"]
[White "Ju, Wenjun"]
[Black "Lagno, Kateryna"]
[Result "1/2-1/2"]
[WhiteTitle "GM"]
[BlackTitle "GM"]
[WhiteElo "2568"]
[BlackElo "2556"]
[WhiteFideId "8603006"]
[BlackFideId "14109336"]
[EventDate "2018.11.03"]

1. d4 Nf6 2. c4 g6 3. Nc3 Bg7 4. g3 c6 5. e4 d5 6. cxd5 cxd5 7. e5 Ne4 8. Nge2
Nc6 9. Bg2 Bg4 10. f3 Nxc3 11. Nxc3 Be6 12. f4 Qb6 13. Bxd5 Rd8 14. Bxe6 fxe6
15. Be3 Qxb2 16. Ne2 Bh6 17. Bf2 g5 18. Rb1 Qa3 19. Qb3 Qa5+ 20. Kf1 gxf4 21.
gxf4 Rf8 22. Qf3 Qxa2 23. Kg2 Qd5 24. Qxd5 Rxd5 25. Rxb7 Bxf4 26. Rc7 Nd8 27.
Rxa7 Rd7 28. Ra8 Rb7 29. Rha1 Bh6 30. R1a2 Kf7 31. Rc2 Kg6 32. Ra3 Kg7 33. Rg3+
Kf7 34. Rf3+ Ke8 35. Rh3 Rg8+ 36. Rg3 1/2-1/2

[Event "WCh Women 2018"]
[Site "Khanty-Mansiysk RUS"]
[Date "2018.11.21"]
[Round "6.3"]
[White "Ju, Wenjun"]
[Black "Lagno, Kateryna"]
[Result "1/2-1/2"]
[WhiteTitle "GM"]
[BlackTitle "GM"]
[WhiteElo "2568"]
[BlackElo "2556"]
[WhiteFideId "8603006"]
[BlackFideId "14109336"]
[EventDate "2018.11.03"]

1. d4 Nf6 2. c4 g6 3. Nc3 Bg7 4. e4 d6 5. Bd3 O-O 6. Nge2 c5 7. d5 e6 8. Bg5 h6
9. Bh4 exd5 10. Nxd5 g5 11. Bg3 Nxd5 12. cxd5 Bxb2 13. h4 g4 14. Rb1 Bg7 15. O-O
Re8 16. Nf4 c4 17. Bxc4 Rxe4 18. Bd3 Re5 19. f3 h5 20. Be2 Qd7 21. Rb4 Na6 22.
Re4 Rxe4 23. fxe4 Nc5 24. e5 dxe5 25. Nxh5 Ne4 26. Be1 f5 27. Nxg7 Qxg7 28. Bd3
Bd7 29. Bxe4 fxe4 30. Bg3 Rf8 31. Re1 Bb5 32. Qb3 Bd3 33. d6+ Qf7 34. Qc3 Qe6
35. Qxe5 Qxe5 36. Bxe5 Kf7 37. g3 Ke6 38. Bf4 b5 39. h5 a5 40. h6 b4 41. Rc1 a4
42. Rc7 b3 43. axb3 axb3 44. Re7+ Kd5 45. Rb7 e3 46. Rxb3 Ke4 47. Kg2 e2 48.
Rb4+ Kd5 49. Kf2 Re8 50. Bd2 Rf8+ 51. Bf4 Re8 52. Bd2 Rf8+ 53. Rf4 Rxf4+ 54.
Bxf4 Ke6 55. Ke1 Kd7 56. Be5 Ke6 57. Kd2 Kd7 58. Bc3 e1=Q+ 59. Kxe1 Kxd6 60. Kd2
Bh7 61. Ke3 Ke6 62. Kf4 Kf7 63. Kxg4 Bc2 64. Kf4 Bb1 65. g4 Bc2 66. g5 Bb1 67.
Ke5 Bc2 68. Kd6 Bb1 1/2-1/2